000 00702nam a22002057a 4500
999 _c1545
_d1545
003 AR-CdUCM
008 190227b ||||| |||| 00| 0 spa d
040 _aMUNICIPALIDAD PROVINCIAL DEL CUSCO
_cBIBLIOTECA MUNICIPAL DEL CUSCO
082 _a869.56 /
_bH51
100 _aHidalgo, Alberto
_95809
245 _aHistoria peruana verdadera /
260 _aLima :
_bJuan Mejía Baca,
_c1961.
300 _a68 páginas ;
_c20 cm.
505 _aContenido: Cápitulo Garcilazo -- Cápitulo Tupac Amaru -- Cápitulo Mariátegüi -- Cápitulo Yomismo.
650 _aPoesías siglo XX
_93861
650 _aLiteratura peruana
_9169
650 _aPoesías siglo XX
_93861
942 _2ddc
_cLIBROS
945 _azta